[Event "Helsingor Xtracon op"]
[Site "Helsingor"]
[Date "2019.07.20"]
[Round "1"]
[White "Andre, Gordon"]
[Black "Lodahl, Holger Ronnow"]
[Result "1-0"]
[WhiteElo "2381"]
[BlackElo "1859"]
[PlyCount "59"]
[EventDate "2019.07.20"]
[EventType "swiss"]
[EventRounds "10"]
[EventCountry "DEN"]
[SourceTitle "CBM 191 Extra"]
[Source "ChessBase"]
[SourceDate "2019.09.30"]
[SourceVersion "1"]
[SourceVersionDate "2019.09.30"]
[SourceQuality "1"]

1. e4 c5 2. Nf3 d6 3. d4 cxd4 4. Nxd4 Nf6 5. Nc3 a6 6. g3 g6 7. Bg2 Bg7 8. 0-0 0-0 9. Bg5 Nbd7 10. Qd2 Re8 11. a4 Rb8 12. a5 Qc7 13. Nd5 Nxd5 14. exd5 Nf6 15. Rfe1 Qc4 16. b3 Qc7 17. Re3 e5 18. dxe6 fxe6 19. Rae1 e5 20. Ne2 Bd7 21. Rd3 Bc6 22. Bxc6 bxc6 23. Bxf6 Bxf6 24. Rxd6 Bg5 25. Qd3 Qxa5 26. Rd1 Qb5 27. Rxg6+ hxg6 28. Qxg6+ Kf8 29. Qf5+ Kg8 30. Qxg5+ 1-0

[Event "Helsingor Xtracon op"]
[Site "Helsingor"]
[Date "2017.07.23"]
[Round "3"]
[White "Wecker, Martin"]
[Black "Lodahl, Holger Ronnow"]
[Result "1-0"]
[WhiteElo "2095"]
[BlackElo "1838"]
[PlyCount "115"]
[EventDate "2017.07.22"]
[EventType "swiss"]
[EventRounds "10"]
[EventCountry "DEN"]
[SourceTitle "CBM 179 Extra"]
[Source "ChessBase"]
[SourceDate "2017.08.23"]
[SourceVersion "1"]
[SourceVersionDate "2017.08.23"]
[SourceQuality "1"]

1. Nf3 d5 2. c4 e6 3. g3 Nf6 4. Bg2 Be7 5. 0-0 0-0 6. d4 c5 7. cxd5 exd5 8. Nc3 Nc6 9. dxc5 d4 10. Na4 b5 11. cxb6 axb6 12. Nxd4 Nxd4 13. Bxa8 Ba6 14. Bf3 Nxf3+ 15. exf3 Bxf1 16. Qxf1 Nd5 17. Nc3 Nxc3 18. bxc3 Bf6 19. Ba3 Re8 20. Bb4 Qa8 21. Qd3 Qa4 22. a3 Rd8 23. Qe3 Qc6 24. Re1 Rc8 25. Qe4 Qd7 26. c4 g6 27. Kg2 h5 28. h4 Kg7 29. Rc1 Re8 30. Qd5 Rd8 31. Qxd7 Rxd7 32. c5 bxc5 33. Rxc5 Ra7 34. Rc6 Ra4 35. f4 Bb2 36. Bc3+ Bxc3 37. Rxc3 Rd4 38. Kf3 Rd2 39. Ke3 Ra2 40. Kd4 Rxf2 41. Kc5 Ra2 42. Kb4 Rb2+ 43. Rb3 Rd2 44. a4 Rd4+ 45. Kb5 Rd5+ 46. Kc6 Ra5 47. Ra3 Kf6 48. Kb6 Ra8 49. a5 Kf5 50. a6 Kg4 51. a7 Re8 52. Kc6 f6 53. a8Q Rxa8 54. Rxa8 Kxg3 55. Rg8 Kxf4 56. Rxg6 Kf5 57. Rg8 Ke5 58. Rh8 1-0

[Event "Helsingor Xtracon op"]
[Site "Helsingor"]
[Date "2017.07.22"]
[Round "1"]
[White "Haldorsen, Benjamin"]
[Black "Lodahl, Holger Ronnow"]
[Result "1-0"]
[WhiteElo "2370"]
[BlackElo "1838"]
[PlyCount "81"]
[EventDate "2017.07.22"]
[EventType "swiss"]
[EventRounds "10"]
[EventCountry "DEN"]
[SourceTitle "CBM 179 Extra"]
[Source "ChessBase"]
[SourceDate "2017.08.23"]
[SourceVersion "1"]
[SourceVersionDate "2017.08.23"]
[SourceQuality "1"]

1. e4 c5 2. Nf3 d6 3. d4 cxd4 4. Nxd4 Nf6 5. Nc3 a6 6. Be3 e5 7. Nb3 Be6 8. f3 Be7 9. Qd2 0-0 10. 0-0-0 a5 11. Bb5 Nbd7 12. Qf2 Qc7 13. g4 Nc5 14. Nxc5 dxc5 15. g5 Nh5 16. Nd5 Bxd5 17. Rxd5 Rfd8 18. Rxd8+ Rxd8 19. h4 g6 20. a4 Bf8 21. Rd1 Rxd1+ 22. Kxd1 b6 23. b3 Ng7 24. Bc4 Qd6+ 25. Kc1 Ne8 26. f4 exf4 27. Bxf4 Qe7 28. Be5 Bg7 29. Bxg7 Kxg7 30. e5 Nc7 31. Qf6+ Qxf6 32. gxf6+ Kf8 33. h5 gxh5 34. Kd2 Ne8 35. Ke3 Ng7 36. fxg7+ Kxg7 37. Kf4 Kg6 38. Bd3+ Kg7 39. Kg5 h4 40. Kxh4 f6 41. e6 1-0

[Event "Copenhagen Challenge"]
[Site "Ballerup"]
[Date "2011.05.22"]
[Round "8"]
[White "Molvig, Henrik"]
[Black "Lodahl, Holger Ronnow"]
[Result "1-0"]
[WhiteElo "2180"]
[BlackElo "1939"]
[PlyCount "79"]
[EventDate "2011.05.18"]
[EventType "swiss"]
[EventRounds "9"]
[EventCountry "DEN"]
[SourceTitle "EXT 2018"]
[Source "ChessBase"]
[SourceDate "2017.10.13"]
[SourceVersion "1"]
[SourceVersionDate "2017.10.13"]
[SourceQuality "1"]

1. d4 d5 2. c4 e6 3. Nc3 c5 4. Nf3 Nc6 5. cxd5 exd5 6. g3 Nf6 7. Bg2 Be7 8. 0-0 0-0 9. dxc5 Bxc5 10. Na4 Be7 11. Be3 Re8 12. Rc1 Ng4 13. Bf4 Bf6 14. h3 Nge5 15. Nxe5 Nxe5 16. Nc3 Ng6 17. Nxd5 Nxf4 18. gxf4 Rb8 19. b3 Bh4 20. e3 Re6 21. Qf3 Bd7 22. Rfd1 Bc6 23. Rc2 Qf8 24. Rcd2 Kh8 25. f5 Rd6 26. Qh5 Rh6 27. Qg4 Bd8 28. Qb4 Qe8 29. Rd4 a5 30. Qc4 Bb5 31. Qc5 Be2 32. Re4 Qg8 33. Rd2 Rc6 34. Qa7 Rc1+ 35. Kh2 Bb5 36. Qxb8 Bc7+ 37. Qxc7 Rxc7 38. Nxc7 Qb8 39. Re7 Kg8 40. Bd5 1-0

[Event "Copenhagen Challenge"]
[Site "Ballerup"]
[Date "2011.05.21"]
[Round "6"]
[White "Andersen, Daniel"]
[Black "Lodahl, Holger Ronnow"]
[Result "0-1"]
[WhiteElo "1997"]
[BlackElo "1939"]
[PlyCount "86"]
[EventDate "2011.05.18"]
[EventType "swiss"]
[EventRounds "9"]
[EventCountry "DEN"]
[SourceTitle "EXT 2018"]
[Source "ChessBase"]
[SourceDate "2017.10.13"]
[SourceVersion "1"]
[SourceVersionDate "2017.10.13"]
[SourceQuality "1"]

1. c4 f5 2. Nf3 d6 3. g3 e5 4. d3 c6 5. Nc3 Nf6 6. Bg2 Be7 7. 0-0 0-0 8. b4 Qc7 9. Qb3 h6 10. h3 Kh7 11. Bb2 a5 12. a3 Be6 13. e4 fxe4 14. dxe4 b5 15. Nd2 Nbd7 16. Rac1 bxc4 17. Nxc4 Nb6 18. Nd1 Nxc4 19. Rxc4 Bxc4 20. Qxc4 axb4 21. axb4 Rab8 22. Ne3 Rfe8 23. Kh2 Qb7 24. Bc3 Qb5 25. Qe6 Qd3 26. Nd1 Kh8 27. Qf5 Rf8 28. Qg6 Nd5 29. Ba1 Rf6 30. Qg4 Nxb4 31. Ne3 Qb3 32. Nf5 Bf8 33. f4 Nd3 34. Rf3 Qb1 35. Rf1 Qa2 36. Qf3 Rb3 37. Qh5 Rb1 38. fxe5 dxe5 39. Rxb1 Qxb1 40. Bc3 Qc2 41. Ba5 Qf2 42. Qe8 Kh7 43. Qd8 Bc5 0-1

[Event "Copenhagen Challenge"]
[Site "Ballerup"]
[Date "2011.05.20"]
[Round "5"]
[White "Lodahl, Holger Ronnow"]
[Black "Larsen, Hans Haagen"]
[Result "1-0"]
[WhiteElo "1939"]
[BlackElo "1745"]
[PlyCount "49"]
[EventDate "2011.05.18"]
[EventType "swiss"]
[EventRounds "9"]
[EventCountry "DEN"]
[SourceTitle "EXT 2018"]
[Source "ChessBase"]
[SourceDate "2017.10.13"]
[SourceVersion "1"]
[SourceVersionDate "2017.10.13"]
[SourceQuality "1"]

1. d4 g6 2. c4 Bg7 3. Nc3 d6 4. Nf3 Nc6 5. g3 Bd7 6. Bg2 e5 7. Bg5 f6 8. Be3 f5 9. d5 Nce7 10. 0-0 h6 11. Qb3 c5 12. dxc6 Bxc6 13. Rfd1 e4 14. Nd4 Qd7 15. Ncb5 Nc8 16. Bf4 Bxb5 17. Nxb5 Bf8 18. c5 g5 19. Be5 Rh7 20. cxd6 Rf7 21. Nc7+ Kd8 22. Nxa8 Bg7 23. Bxg7 Rxg7 24. Rac1 Qf7 25. d7 1-0

[Event "Bagsvard GSF 75 Years-C"]
[Site "Bagsvard"]
[Date "2008.04.29"]
[Round "3"]
[White "Haubro, Martin"]
[Black "Lodahl, Holger Ronnow"]
[Result "1-0"]
[WhiteElo "1635"]
[BlackElo "1645"]
[PlyCount "113"]
[EventDate "2008.04.15"]
[EventType "tourn"]
[EventRounds "7"]
[EventCountry "DEN"]
[SourceTitle "EXT 2023"]
[Source "ChessBase"]
[SourceDate "2022.10.05"]
[SourceVersion "1"]
[SourceVersionDate "2022.10.05"]
[SourceQuality "1"]

1. e4 c5 2. Nf3 d6 3. d4 cxd4 4. Nxd4 Nf6 5. Nc3 a6 6. f4 e5 7. Nf3 Nbd7 8. Be2 Be7 9. 0-0 0-0 10. Kh1 Qc7 11. Qe1 b5 12. a3 Bb7 13. Bd3 Rac8 14. f5 Rfe8 15. Qg3 Nc5 16. Bh6 Bf8 17. Rfe1 d5 18. Nd2 d4 19. Nd1 Kh8 20. Bg5 Ng8 21. Nf3 f6 22. Bh4 Nh6 23. Nf2 Nf7 24. Ng4 Be7 25. Qh3 Nxd3 26. cxd3 Qc2 27. Bg3 Qxd3 28. Qh5 Qb3 29. Nd2 Qxb2 30. Qxf7 Qxd2 31. Rad1 Qg5 32. Nf2 Ba8 33. Rd3 Bf8 34. h4 Qh6 35. Ng4 Re7 36. Nxh6 Rxf7 37. Nxf7+ Kg8 38. Nxe5 fxe5 39. Bxe5 Re8 40. Bxd4 Rxe4 41. Rxe4 Bxe4 42. Rc3 Bxf5 43. Bc5 Bxc5 44. Rxc5 Bd3 45. Rc8+ Kf7 46. Ra8 h6 47. Rxa6 Bc4 48. Kh2 Kg8 49. g4 Kh7 50. Kg3 Bd3 51. Kf4 Be2 52. g5 hxg5+ 53. Kxg5 Bc4 54. h5 Bd3 55. h6 gxh6+ 56. Rxh6+ Kg7 57. Rb6 1-0